2013 TV Shows by Cast Photo Quiz Stats

 Plays Quiz Updated Aug 10, 2015

Challenge
Share
Tweet
Score 0/18 Timer 07:00
2 Plays Today
% Correct
Orange Is the New Black
98.5%
House of Cards
83.2%
Brooklyn Nine-Nine
70.2%
Marvel's Agents of S.H.I.E.L.D.
61.3%
Mom
57.8%
The Blacklist
56.6%
Bates Motel
52.5%
Hannibal
49.8%
The Goldbergs
45.9%
% Correct
Sleepy Hollow
38%
Orphan Black
37.8%
The Following
36.6%
MasterChef Junior
36.4%
Masters of Sex
36.2%
The Carrie Diaries
26.2%
The Michael J. Fox Show
23.6%
The Crazy Ones
16.9%
The Millers
16.7%

You're not logged in!

Compare scores with friends on all Sporcle quizzes.
Join for Free
OR
Log In

You Might Also Like...

Show Comments

Extras

Top Quizzes Today


Score Distribution

Your Account Isn't Verified!

In order to create a playlist on Sporcle, you need to verify the email address you used during registration. Go to your Sporcle Settings to finish the process.

Report this User

Report this user for behavior that violates our Community Guidelines.

Details: